Nuclear particle kinematics (Record no. 2720)

MARC details
000 -LEADER
fixed length control field 00728nam a2200217Ia 4500
003 - CONTROL NUMBER IDENTIFIER
control field IN-BaIIA
008 - FIXED-LENGTH DATA ELEMENTS--GENERAL INFORMATION
fixed length control field 211028s9999 xx 000 0 eng d
040 ## - CATALOGING SOURCE
Transcribing agency IIA Library
080 ## - UNIVERSAL DECIMAL CLASSIFICATION NUMBER
Universal Decimal Classification number 047.1.53:51
Item number MET-5
245 #0 - TITLE STATEMENT
Title Nuclear particle kinematics
Statement of responsibility, etc. edited by Berni Alder, Sidney Fernbach and Manuel Rotenberg
260 ## - PUBLICATION, DISTRIBUTION, ETC.
Place of publication, distribution, etc. New York
Name of publisher, distributor, etc. Academic Press
Date of publication, distribution, etc. 1964
300 ## - PHYSICAL DESCRIPTION
Extent xi, 264p.
490 ## - SERIES STATEMENT
Series statement Methods in computational physics; v. 5
650 ## - SUBJECT ADDED ENTRY--TOPICAL TERM
Topical term or geographic name entry element NASA Thesaurus
650 ## - SUBJECT ADDED ENTRY--TOPICAL TERM
Topical term or geographic name entry element Nuclear physics
9 (RLIN) 1527
650 ## - SUBJECT ADDED ENTRY--TOPICAL TERM
Topical term or geographic name entry element Nuclear reactions
9 (RLIN) 2819
700 ## - ADDED ENTRY--PERSONAL NAME
Personal name Alder, Berni, ed.
9 (RLIN) 4876
700 ## - ADDED ENTRY--PERSONAL NAME
Personal name Fernbach, Sidney, ed.
9 (RLIN) 4877
700 ## - ADDED ENTRY--PERSONAL NAME
Personal name Rotenberg, Manuel, ed.
9 (RLIN) 4878
942 ## - ADDED ENTRY ELEMENTS (KOHA)
Koha item type Books
Holdings
Withdrawn status Lost status Damaged status Not for loan Home library Current library Shelving location Date acquired Cost, normal purchase price Total Checkouts Full call number Barcode Date last seen Cost, replacement price Price effective from Koha item type Purchase Price
        IIA Library-Bangalore IIA Library-Bangalore General Stacks 30/03/1967 82.80   047.1.53:51/ MET-5 3034 05/11/2021 82.80 30/03/1967 Books Rs. 82.80

Powered by Koha